000 01281nam a2200349 i 4500
001 35263
003 FINmELB
005 20241216221325.0
006 m o u
007 cr cn|||||||||
008 241121s2024 sp ob 000 0 spa d
020 _a9788411844246
_q(e-book)
035 _a(OCoLC)1472949754
040 _aFINmELB
_bspa
_erda
_cFINmELB
050 1 4 _aTK146
_bG934 2024
080 _a621.3
082 0 4 _a621.3
_223
100 1 _aGuerrero Pérez, Ramón,
_eautor.
245 1 0 _aElectrotecnia :
_bENAE0108 /
_cRamón Guerrero Pérez.
264 1 _aAntequera, Málaga :
_bIC Editorial,
_c2024.
300 _a1 recurso en línea (462 páginas)
336 _atexto
_btxt
_2rdacontent/spa
337 _acomputadora
_bc
_2rdamedia/spa
338 _arecurso en línea
_bcr
_2rdacarrier/spa
504 _aContiene bibliografía.
588 _aDescripción basada en metadatos suministrados por el editor y otras fuentes.
590 _aRecurso electrónico. Santa Fe, Arg.: elibro, 2024. Disponible vía World Wide Web. El acceso puede estar limitado para las bibliotecas afiliadas a elibro.
650 4 _aElectrotecnia.
655 4 _aLibros electrónicos.
797 2 _aelibro, Corp.
856 4 0 _uhttps://elibro.net/ereader/politecnicointernacional/274770
999 _c35263
_d35263